01006nas a2200277Ia 4500001002700000003001000027008004100037040002500078041001300103100001800116210001700134222001700151245006000168250001100228260000900239501012300248300001400371362001600385500004500401650002700446700001100473942000700484957000600491999003200497952019900529A10/R153-4880 [r000002023]IT-MiCISF161014c99999999xx |||||||||||| ||und|| aIT-MiCISFcIT-MiCISF aITALIANO aRocchi Sandra aOrientamenti aOrientamenti 0aIl volontariato organizzato tra società e istituzioni a1a ed. c1990 bCISF - Centro Internazionale Studi Famiglia - Via Giotto, 36 20145 MILANO (non commercial uses only)cCopyright 2016 app. 29-39 an. 3 [1990] a Tema: volontariato, società, politica avolontariatovarticolo aAA.VV. cCR 71 a4880bSig1c236110d236110 0010406A_10_000000000000000_R1534880_R00000202371aCISFbCISFd2016-10-14l0oA10/R153-4880 [r000002023]r2016-10-14 00:00:00w2016-10-14yCRzData import 15.10.2016 / by Epidotti, Vaglietti